LEADER 00848nam0-2200313---450- 001 990009444950403321 005 20111007140801.0 010 $a978-0-470-22721-3 035 $a000944495 035 $aFED01000944495 035 $a(Aleph)000944495FED01 035 $a000944495 100 $a20111007d2010----km-y0itay50------ba 101 0 $aeng 102 $aUS 105 $ay-------001yy 200 1 $aHandbook of fruit and vegetable flavors$fedited by Y.H. Hui 210 $aHoboken$cWiley$dc2010 215 $aXX, 1095 p.$d26 cm 610 0 $aAromi 676 $a664.5$v22$zita 700 1$aHui,$bYiu M.$0427056 801 0$aIT$bUNINA$gRICA$2UNIMARC 901 $aBK 912 $a990009444950403321 952 $a60 664.5 B 7$b13222$fFAGBC 959 $aFAGBC 996 $aHandbook of fruit and vegetable flavors$9760753 997 $aUNINA LEADER 01320cam--2200421---450- 001 990001209220203316 005 20101117084405.0 010 $a978-88-16-40826-5 035 $a000120922 035 $aUSA01000120922 035 $a(ALEPH)000120922USA01 035 $a000120922 100 $a20031021d2008----km-y0itay50------ba 101 0 $aita 102 $aIT 105 $ay|||z|||001yy 200 1 $aAl servizio dell'uomo e della terra: Giovanni Haussmann$e1906-1980$fErcole Ongaro$gintroduzione di Luigi Cavazza 210 $aMilano$cJaca book$d2008 215 $a254 p.$d23 cm 225 2 $aDi fronte e attraverso$v826 225 2 $aTerra terra 410 0$12001$aDi fronte e attraverso 410 0$12001$aTerra terra 600 1$aHaussmann,$bGiovanni$2BNCF 676 $a630.92 700 1$aONGARO,$bErcole$0133871 702 1$aCAVAZZA,$bLuigi 801 0$aIT$bsalbc$gISBD 912 $a990001209220203316 951 $aII.6. 1023$b210517 L.M.$cII.6.$d00229723 959 $aBK 969 $aUMA 979 $aALINA$b10$c20031021$lUSA01$h1236 979 $aPATRY$b90$c20040406$lUSA01$h1726 979 $aANNAMARIA$b90$c20091029$lUSA01$h1248 979 $aANNAMARIA$b90$c20101117$lUSA01$h0844 996 $aAl servizio dell'uomo e della terra: Giovanni Haussmann$9985803 997 $aUNISA